| 000 | 00385nam a22001337a 4500 | ||
|---|---|---|---|
| 082 |
_a359.00942 _bACW _cD |
||
| 100 |
_aAcworth, Bernard _949721 |
||
| 245 |
_aThe restoration of england 's sea power _cBernard Acworth |
||
| 260 |
_aLondon : _bEyre & Spottiswoode Ltd. _c1935. |
||
| 300 | _a305 p. : | ||
| 526 |
_a0 _b0 _c0 _d359_009420000000000_ACW |
||
| 650 |
_aMCE _9379 |
||
| 942 |
_2ddc _cBK |
||
| 999 |
_c552500 _d552500 |
||